000 00426nam a22001697a 4500
005 20180905150420.0
008 160523b xxu||||| |||| 00| 0 eng d
020 _a0-07-044575-3
041 _aeng
082 _b4240
_a658.403
100 _aJawadekar, W.S.
_91055
245 _aManagement Information Systems
260 _aNew Delhi
_bAcademic Faundation
_c2004
300 _a74p,
650 _aManagement
_9241
942 _cBK
999 _c1437
_d1437